Jak vidí německé manažery cizina
Vo veku globalizácie sa manažéri neradi indikujú s atribútmi z minulosti, keď napríklad "typický nemecký" znamenalo arogantný, bez zmyslu pre humor a nepružný. Súčasné správanie sa nemeckých manažérov a obchodníkov. Medzinárodné skúsenosti.
Enregistré dans:
| Format: | Chapitre de livre |
|---|---|
| Langue: | tchèque |
| Sujets: | |
| Tags: |
Pas de tags, Soyez le premier à ajouter un tag!
|
MARC
| LEADER | 00000naa$a2200000$$$4500 | ||
|---|---|---|---|
| 001 | 0009038 | ||
| 005 | 20231106121509.0 | ||
| 041 | 0 | |a cze | |
| 044 | |a CZ | ||
| 245 | 1 | 0 | |a Jak vidí německé manažery cizina |
| 520 | |a Vo veku globalizácie sa manažéri neradi indikujú s atribútmi z minulosti, keď napríklad "typický nemecký" znamenalo arogantný, bez zmyslu pre humor a nepružný. Súčasné správanie sa nemeckých manažérov a obchodníkov. Medzinárodné skúsenosti. | ||
| 610 | 2 | 0 | |a zvyklosti kultúrne |
| 610 | 2 | 0 | |a zvyklosti obchodné |
| 610 | 2 | 0 | |a manažéri |
| 610 | 2 | 0 | |a Nemecko |
| 610 | 2 | 0 | |a komunikácia multikultúrna |
| 610 | 2 | 0 | |a komunikácia manažérska |